000 005290000a22001810004500
003 MACL
005 20160310114116.0
008 160310b xxu||||| |||| 00| 0 eng d
040 _aMACL
_cMACL
041 _aHindi
082 _a891.433
100 _aप्रियदर्शन
_944036
245 _aइतिहास और कल्‍पना
260 _bविनम्र पुस्‍तक भंडार
_aइन्‍दौर
350 _a3
650 _aStories
_944343
942 _cHIN
_k891.433
_2ddc
999 _c26331
_d26331